Super Smash Bros. Fighters #20 - The Falco Quiz - Statistics

General Stats
  • This quiz has been taken 112 times
  • The average score is 7 of 15
Answer Stats
Hint Answer % Correct
What type of animal is Falco? Falcon
88%
What game did Falco first appear in? Star Fox
87%
How old is Falco (in universe)? 19
84%
What is Falco’s last name? Lombardi
79%
Who from The Legend of Zelda: Breath of the Wild greatly resembles Falco? Revali
71%
What game was Falco first playable in? Star Fox 64
71%
What does Falco personally prefer? The Air
59%
Who on team Star Wolf does Falco have a rivalry with? Leon Powalski
48%
What manga depicts Falco leaving the Star Fox Team? {Farewell}, Beloved Falco
41%
What role does Falco play on the Star Fox Team? Ace Pilot
40%
What is the name of Falco’s space mercenary team that he created? Star Falco
32%
Who has a crush on Falco (and later joins his space mercenary team)? Katt Monroe
21%
What was the name of Falco’s special Arwing in Star Fox Command? Sky Claw
5%
What galactic gang was Falco once the leader of? Free-as-a-Bird / The Hod Rodders
4%
Who on the development team was Falco based on? (Hint: he’s a graphic designer for many Nintendo games) Tsuyoshi Watanabe
1%
No matching quizzes found
Score Distribution
Percent of People with Each Score
Percentile by Number Answered
Your Score History
You have not taken this quiz